| 000 | 00547nam a2200181 i 4500 | ||
|---|---|---|---|
| 001 | 88644 | ||
| 003 | ES-MaACL | ||
| 005 | 20230906175910.0 | ||
| 007 | t| | ||
| 008 | 050105s1971 sp ||||1| spa d | ||
| 100 | 1 |
_aLanciotti, Lionelle. _969908 |
|
| 245 | 1 | 0 |
_aQué ha dicho verdaderamente Confucio / _cL. Lanciotti ; [traducción por Mariano Antolín-Rato]. |
| 250 | _a[1ª ed.]. | ||
| 260 |
_a[Madrid] : _bDoncel, _c[1971] |
||
| 300 |
_a133 p. ; _c18 cm. |
||
| 700 | 1 |
_aAntolín Rato, Mariano. _921923 |
|
| 852 |
_aES-MaACL _jC-41612 _bR.79970 |
||
| 999 |
_c88644 _d88644 |
||